[Event "Titled Tue 20th May Late"]
[Site "chess.com INT"]
[Date "2025.05.20"]
[Round "6"]
[White "Wang, Justin Zhide"]
[Black "Flores Mirabal, Nancy"]
[Result "0-1"]
[BlackTitle "WCM"]
[WhiteElo "2007"]
[BlackElo "2050"]
[WhiteFideId "4312830"]
[BlackFideId "109339"]
[EventDate "2025.05.20"]

1. g3 d5 2. Bg2 g6 3. e3 Bg7 4. Ne2 c5 5. O-O Nc6 6. h3 Nf6 7. d3 O-O 8. Nd2 e5
9. Kh2 Be6 10. b3 e4 11. d4 cxd4 12. Nxd4 Nxd4 13. exd4 Nd7 14. Bb2 Qb6 15. c3
f5 16. Re1 f4 17. Nf1 fxg3+ 18. fxg3 Rf2 19. Re2 Raf8 20. Qd2 R2f5 21. Ne3 Rh5
22. Rf1 Nf6 23. c4 Qd6 24. Ng4 Nxg4+ 25. Kg1 Rxf1+ 26. Bxf1 Qxg3+ 27. Rg2 Qxh3 0-1

[Event "Titled Tue 20th May Late"]
[Site "chess.com INT"]
[Date "2025.05.20"]
[Round "6"]
[White "Erece, Ece Alkim"]
[Black "Zavortink, Matt"]
[Result "1/2-1/2"]
[WhiteTitle "WCM"]
[WhiteElo "1843"]
[BlackElo "2135"]
[WhiteFideId "6346006"]
[BlackFideId "2034263"]
[EventDate "2025.05.20"]

1. e4 c5 2. Nf3 g6 3. c3 d5 4. exd5 Qxd5 5. d4 Bg7 6. Be3 cxd4 7. cxd4 Qa5+ 8.
Nc3 Nh6 9. h3 Nf5 10. Bc4 Qc7 11. Qe2 Nxe3 12. fxe3 Qg3+ 13. Qf2 Qxf2+ 14. Kxf2
O-O 15. Nd5 Nc6 16. Bb5 Bf6 17. Bxc6 bxc6 18. Nxf6+ exf6 19. Rhc1 Bd7 20. Rc5
Rfb8 21. b3 a5 22. Rac1 a4 23. Nd2 axb3 24. axb3 f5 25. R1c2 Be6 26. Rxc6 Bxb3
27. Nxb3 Rxb3 28. Rc8+ Rxc8 29. Rxc8+ Kg7 30. Rc6 1/2-1/2

[Event "Titled Tue 20th May Late"]
[Site "chess.com INT"]
[Date "2025.05.20"]
[Round "6"]
[White "Khalafvand, Dorsa Sadat"]
[Black "Zilberstein, Dmitry"]
[Result "0-1"]
[WhiteTitle "WCM"]
[BlackTitle "IM"]
[WhiteElo "1985"]
[BlackElo "2358"]
[WhiteFideId "36767522"]
[BlackFideId "2010739"]
[EventDate "2025.05.20"]

1. d4 d6 2. c4 e5 3. Nc3 exd4 4. Qxd4 Nc6 5. Qd1 g6 6. Nf3 Bg7 7. Qc2 Nge7 8. e4
O-O 9. Be3 f5 10. Be2 fxe4 11. Nxe4 Bf5 12. a3 d5 13. cxd5 Nxd5 14. Bc4 Kh8 15.
Rd1 Nxe3 16. fxe3 Qe7 17. Bd3 Rae8 18. Nfd2 Qh4+ 19. g3 Qh3 20. Bf1 Qh6 21. Qd3
Ne5 22. Qc2 Qxe3+ 23. Be2 Bxe4 24. Qxe4 Nf3+ 0-1

[Event "Titled Tue 20th May Late"]
[Site "chess.com INT"]
[Date "2025.05.20"]
[Round "6"]
[White "Gubajdullin, Alexei"]
[Black "Lortkipanidze, Nodar"]
[Result "1-0"]
[WhiteTitle "FM"]
[BlackTitle "IM"]
[WhiteElo "2227"]
[BlackElo "2359"]
[WhiteFideId "4141202"]
[BlackFideId "13604058"]
[EventDate "2025.05.20"]

1. Nf3 e6 2. g3 b6 3. Bg2 Bb7 4. O-O f5 5. d3 Nf6 6. Nbd2 Bc5 7. e4 fxe4 8. dxe4
Nxe4 9. Ne5 Nxf2 10. Qh5+ g6 11. Nxg6 Ng4+ 12. Kh1 Bxg2+ 13. Kxg2 Ne3+ 14. Kh3
Nxf1 15. Ne5+ Ke7 16. Qf7+ Kd6 17. Ndc4+ Kd5 18. Qf3+ Kd4 19. c3# 1-0

[Event "Titled Tue 20th May Late"]
[Site "chess.com INT"]
[Date "2025.05.20"]
[Round "6"]
[White "Anhwere, Bernard"]
[Black "Reprintsev, Alexander"]
[Result "1-0"]
[WhiteTitle "CM"]
[BlackTitle "IM"]
[WhiteElo "1906"]
[BlackElo "2256"]
[WhiteFideId "12600580"]
[BlackFideId "14100541"]
[EventDate "2025.05.20"]

1. d4 d5 2. c4 e5 3. dxe5 d4 4. Nf3 Nc6 5. e3 Bb4+ 6. Bd2 dxe3 7. fxe3 Bxd2+ 8.
Qxd2 Qxd2+ 9. Nbxd2 Nge7 10. O-O-O Ng6 11. Bd3 Ngxe5 12. Nxe5 Nxe5 13. Nf3 Nxd3+
14. Rxd3 Be6 15. b3 O-O 16. Rhd1 Rfe8 17. Nd4 Bg4 18. R1d2 a6 19. h3 Bh5 20. g4
Bg6 21. Nf5 h5 22. Rd7 Rac8 23. Ne7+ Kh7 24. Nxc8 Rxc8 25. Rd8 Rxd8 26. Rxd8
hxg4 27. hxg4 Kh6 28. Rd7 Kg5 29. Rxc7 Kxg4 30. Rxb7 Kf3 31. Kd2 Bh5 32. c5 g5
33. c6 f6 34. c7 Bg4 35. Rb8 1-0

[Event "Titled Tue 20th May Late"]
[Site "chess.com INT"]
[Date "2025.05.20"]
[Round "6"]
[White "Sanhueza, Cristian"]
[Black "Ugarte Soto, Cesar"]
[Result "1-0"]
[WhiteTitle "FM"]
[BlackTitle "CM"]
[WhiteElo "2182"]
[BlackElo "2088"]
[WhiteFideId "116815"]
[BlackFideId "3601331"]
[EventDate "2025.05.20"]

1. e4 c5 2. Nf3 g6 3. d4 cxd4 4. Qxd4 Nf6 5. e5 Nc6 6. Qa4 Nd5 7. Qe4 e6 8. Bc4
Nc7 9. O-O Bg7 10. Rd1 O-O 11. Nc3 f6 12. Bf4 f5 13. Qe3 b5 14. Nxb5 Nxb5 15.
Bxb5 Bb7 16. Rd6 Rf7 17. Rad1 Qa5 18. a4 a6 19. Bf1 Qxa4 20. Rxd7 Raf8 21. Ng5
Rxd7 22. Rxd7 Bc8 23. Rc7 h6 24. Nf3 g5 25. Bxg5 hxg5 26. Qxg5 Qg4 27. Rxg7+ Kh8
28. Qh6# 1-0

[Event "Titled Tue 20th May Late"]
[Site "chess.com INT"]
[Date "2025.05.20"]
[Round "6"]
[White "Klepek, Witold"]
[Black "Cori Quispe, Kevin Joel"]
[Result "0-1"]
[WhiteTitle "CM"]
[BlackTitle "GM"]
[WhiteElo "2253"]
[BlackElo "2464"]
[WhiteFideId "1175068"]
[BlackFideId "3814017"]
[EventDate "2025.05.20"]

1. c4 e5 2. Nc3 Nf6 3. Nf3 e4 4. Ng5 c6 5. Qa4 Qe7 6. Qc2 d5 7. cxd5 Bf5 8. dxc6
Nxc6 9. a3 h6 10. Nh3 g5 11. e3 Bg7 12. Bb5 Rc8 13. b3 O-O 14. Bxc6 Rxc6 15. Bb2
Ng4 16. f3 exf3 17. Qxf5 Nxe3 18. dxe3 Qxe3+ 19. Kf1 Bxc3 20. Bxc3 Qe2+ 21. Kg1
Qxg2# 0-1

[Event "Titled Tue 20th May Late"]
[Site "chess.com INT"]
[Date "2025.05.20"]
[Round "6"]
[White "Eminov, Orkhan"]
[Black "Bagheri, Maziar"]
[Result "1-0"]
[WhiteTitle "FM"]
[BlackTitle "FM"]
[WhiteElo "2239"]
[BlackElo "2287"]
[WhiteFideId "13402153"]
[BlackFideId "12530913"]
[EventDate "2025.05.20"]

1. e4 c5 2. Nf3 d6 3. Bb5+ Nd7 4. d4 cxd4 5. Qxd4 a6 6. Bxd7+ Bxd7 7. Bg5 h6 8.
Bh4 Rc8 9. Nc3 e5 10. Qd3 g5 11. Bg3 Nf6 12. h4 g4 13. Nd2 Be6 14. Nf1 Bc4 15.
Qd2 Bxf1 16. Rxf1 b5 17. O-O-O b4 18. Nd5 Nxe4 19. Qe2 Nxg3 20. fxg3 Qa5 21.
Qxg4 Rd8 22. Nf6+ Ke7 23. Nd5+ Ke8 24. Rxf7 Qxd5 25. Rxf8+ Rxf8 26. Rxd5 Rf2 27.
Qe6+ Kf8 28. Rxd6 1-0

[Event "Titled Tue 20th May Late"]
[Site "chess.com INT"]
[Date "2025.05.20"]
[Round "6"]
[White "Varriale, Luca"]
[Black "Toncheva, Nadya"]
[Result "0-1"]
[BlackTitle "FM"]
[WhiteElo "2172"]
[BlackElo "2332"]
[WhiteFideId "882461"]
[BlackFideId "2924056"]
[EventDate "2025.05.20"]

1. Nf3 c5 2. b3 Nc6 3. Bb2 d6 4. g3 e5 5. Bg2 g6 6. O-O Bg7 7. c4 Nge7 8. e3 O-O
9. d4 exd4 10. exd4 Nf5 11. Na3 Ncxd4 12. Nxd4 Nxd4 13. Nb5 Nxb5 14. Bxg7 Kxg7
15. cxb5 a6 16. Qd3 Qf6 17. Rad1 axb5 18. Qxb5 Rxa2 19. Bxb7 Bg4 20. Rde1 Rb8
21. Qc6 Bh3 0-1

[Event "Titled Tue 20th May Late"]
[Site "chess.com INT"]
[Date "2025.05.20"]
[Round "6"]
[White "Romero Ruscalleda, Josep"]
[Black "Bustelo, Tabare"]
[Result "1-0"]
[WhiteTitle "FM"]
[BlackTitle "CM"]
[WhiteElo "2110"]
[BlackElo "2043"]
[WhiteFideId "2231859"]
[BlackFideId "3000362"]
[EventDate "2025.05.20"]

1. e4 e5 2. Nf3 f5 3. Nxe5 Qf6 4. d4 d6 5. Nc4 fxe4 6. Nc3 Bf5 7. Qe2 Ne7 8. Be3
Nbc6 9. O-O-O d5 10. Ne5 Nxe5 11. dxe5 Qxe5 12. Qb5+ Bd7 13. Qxb7 Bc6 14. Bb5
Qd6 15. Qxa8+ Kf7 16. Bxc6 Nxc6 17. Rxd5 Qe6 18. Qb7 Bb4 19. Qxc7+ Ne7 20. Re5
Bd6 21. Rxe6 Bxc7 22. Rxe4 Rc8 23. Rd1 Ba5 24. Bd4 Nc6 25. Nd5 Rd8 26. Bc3 Bb6
27. Nxb6 1-0

[Event "Titled Tue 20th May Late"]
[Site "chess.com INT"]
[Date "2025.05.20"]
[Round "6"]
[White "Behzad Nazif, Parva"]
[Black "Alvarado, Carlos"]
[Result "0-1"]
[WhiteTitle "WIM"]
[BlackTitle "CM"]
[WhiteElo "2090"]
[BlackElo "2032"]
[WhiteFideId "12563790"]
[BlackFideId "3800555"]
[EventDate "2025.05.20"]

1. e4 c6 2. d4 d5 3. e5 Bf5 4. Bd3 Bxd3 5. Qxd3 e6 6. Ne2 Nd7 7. O-O Qc7 8. c3
Ne7 9. Nd2 c5 10. Qg3 Nf5 11. Qf4 h6 12. Nf3 g5 13. Qg4 Be7 14. dxc5 h5 15. Qa4
g4 16. Nfd4 Qxe5 17. Bf4 Qe4 18. c6 bxc6 19. Qxc6 Rd8 20. f3 gxf3 21. gxf3 Rg8+
22. Kh1 Nxd4 23. cxd4 Qxe2 24. Bc7 Qg2# 0-1

[Event "Titled Tue 20th May Late"]
[Site "chess.com INT"]
[Date "2025.05.20"]
[Round "6"]
[White "Becking, Stephan"]
[Black "Sarana, Alexey"]
[Result "0-1"]
[WhiteTitle "IM"]
[BlackTitle "GM"]
[WhiteElo "2410"]
[BlackElo "2686"]
[WhiteFideId "4632478"]
[BlackFideId "24133795"]
[EventDate "2025.05.20"]

1. d4 Nf6 2. Nf3 e6 3. c3 d5 4. Bg5 Nbd7 5. e3 h6 6. Bh4 g5 7. Bg3 Nh5 8. Nbd2
Nxg3 9. hxg3 Bg7 10. Bd3 c5 11. Qe2 Qb6 12. O-O-O Nf6 13. e4 cxd4 14. Nxd4 Bd7
15. exd5 Nxd5 16. Nc4 Qc5 17. Nf5 Bf8 18. Nfe3 Nxe3 19. Nxe3 O-O-O 20. Ng4 Bg7
21. Kb1 Bc6 22. f3 Rd7 23. Bc2 Rxd1+ 24. Rxd1 Rd8 25. Rxd8+ Kxd8 26. Qd2+ Ke7
27. Qe3 Qxe3 28. Nxe3 h5 29. Kc1 Be5 0-1

[Event "Titled Tue 20th May Late"]
[Site "chess.com INT"]
[Date "2025.05.20"]
[Round "6"]
[White "Martin Fuentes, Alberto"]
[Black "Horak, Martin"]
[Result "1-0"]
[WhiteTitle "FM"]
[BlackTitle "FM"]
[WhiteElo "2376"]
[BlackElo "2324"]
[WhiteFideId "2292289"]
[BlackFideId "367095"]
[EventDate "2025.05.20"]

1. e4 c5 2. Nc3 Nc6 3. g3 g6 4. Bg2 Bg7 5. d3 d6 6. Be3 Rb8 7. Qd2 b5 8. Nge2 b4
9. Nd1 Nd4 10. O-O Nxe2+ 11. Qxe2 Nf6 12. h3 O-O 13. Qd2 a5 14. Bh6 Ba6 15. Bxg7
Kxg7 16. Ne3 Qc7 17. f4 c4 18. Rac1 Rbc8 19. Rfd1 c3 20. bxc3 Qxc3 21. Qf2 Bb7
22. g4 Nd7 23. Nc4 1-0

[Event "Titled Tue 20th May Late"]
[Site "chess.com INT"]
[Date "2025.05.20"]
[Round "6"]
[White "Shton, Roman"]
[Black "Fernandes, Rogerio Paulo Muller"]
[Result "1-0"]
[WhiteElo "2081"]
[BlackElo "2241"]
[WhiteFideId "14137461"]
[BlackFideId "2101599"]
[EventDate "2025.05.20"]

1. d4 Nf6 2. Bg5 c5 3. Bxf6 gxf6 4. d5 Qb6 5. Qc1 Bg7 6. Nc3 f5 7. e3 d6 8. Nge2
e5 9. dxe6 fxe6 10. g3 Bd7 11. Bg2 Bc6 12. O-O h5 13. h4 Nd7 14. Nf4 Kf7 15. Qd2
Bxg2 16. Kxg2 Ne5 17. Rad1 Qc6+ 18. f3 Rad8 19. e4 Bh6 20. exf5 exf5 21. Ncd5
Rde8 22. c3 Nc4 23. Qd3 1-0

[Event "Titled Tue 20th May Late"]
[Site "chess.com INT"]
[Date "2025.05.20"]
[Round "6"]
[White "Sakhayi, Mostafa"]
[Black "Albores, Pablo"]
[Result "1-0"]
[WhiteTitle "CM"]
[BlackTitle "CM"]
[WhiteElo "2166"]
[BlackElo "2220"]
[WhiteFideId "12512532"]
[BlackFideId "105546"]
[EventDate "2025.05.20"]

1. d4 g6 2. e4 d6 3. Nf3 Nf6 4. Nc3 Bg7 5. Be2 O-O 6. O-O Bg4 7. Be3 Nc6 8. d5
Bxf3 9. Bxf3 Ne5 10. Be2 c5 11. f4 Ned7 12. g4 a6 13. g5 Ne8 14. a4 b6 15. Qe1
Nc7 16. Qh4 Rb8 17. Rf3 Re8 18. Rh3 Nf8 19. f5 b5 20. axb5 axb5 21. Rf1 b4 22.
Nd1 Nb5 23. f6 Bh8 24. Bg4 Nd4 25. Bxd4 cxd4 26. Be6 exf6 27. gxf6 b3 28. cxb3
Rxb3 29. Rxb3 fxe6 30. f7+ Kg7 31. Qf6+ Qxf6 32. fxe8=N+ Kf7 33. Nxf6 Bxf6 34.
Rb7+ 1-0

[Event "Titled Tue 20th May Late"]
[Site "chess.com INT"]
[Date "2025.05.20"]
[Round "6"]
[White "Habans Aguerrea, Javier"]
[Black "Aravindh, Chithambaram VR."]
[Result "0-1"]
[WhiteTitle "IM"]
[BlackTitle "GM"]
[WhiteElo "2448"]
[BlackElo "2749"]
[WhiteFideId "24524689"]
[BlackFideId "5072786"]
[EventDate "2025.05.20"]

1. d4 Nf6 2. Bg5 d5 3. e3 c5 4. Nd2 Nc6 5. Ngf3 cxd4 6. exd4 Ne4 7. Be3 Bg4 8.
Be2 Nxd2 9. Qxd2 e6 10. c3 Bd6 11. h3 Bh5 12. O-O O-O 13. Rfe1 f6 14. Rad1 Bf7
15. Bd3 Kh8 16. Bf4 Qc7 17. Bxd6 Qxd6 18. Re2 e5 19. dxe5 fxe5 20. Ng5 Bg8 21.
Bc2 Qf6 22. Rde1 e4 23. h4 Ne5 24. Qd4 Rae8 25. Rf1 h6 26. Nh3 Qxh4 27. f4 Ng4
28. Bb3 Qg3 29. Rd1 e3 30. Kf1 Nh2+ 0-1

[Event "Titled Tue 20th May Late"]
[Site "chess.com INT"]
[Date "2025.05.20"]
[Round "6"]
[White "Maklakova, Nellija"]
[Black "Hernandez Jimenez, Alexander Andres"]
[Result "1-0"]
[BlackTitle "FM"]
[WhiteElo "1926"]
[BlackElo "2043"]
[WhiteFideId "11603470"]
[BlackFideId "3900452"]
[EventDate "2025.05.20"]

1. d4 Nf6 2. Nf3 e6 3. c4 b6 4. Nc3 Bb7 5. e3 Be7 6. Be2 d5 7. O-O dxc4 8. Bxc4
Nbd7 9. Qe2 O-O 10. Ne5 Nxe5 11. dxe5 Ne4 12. Nxe4 Bxe4 13. f3 Bg6 14. Rd1 Qc8
15. Bd2 Rd8 16. e4 c5 17. Be3 Qc6 18. a4 Rxd1+ 19. Rxd1 Rd8 20. Rxd8+ Bxd8 21.
Bb5 Qc7 22. Bf4 Be7 23. Bg3 Qd8 24. f4 f5 25. exf6 Bxf6 26. Bc4 1-0

[Event "Titled Tue 20th May Late"]
[Site "chess.com INT"]
[Date "2025.05.20"]
[Round "6"]
[White "Zhou, Abigail"]
[Black "Matlak, Oleksandr"]
[Result "1-0"]
[WhiteTitle "WCM"]
[WhiteElo "1744"]
[BlackElo "2235"]
[WhiteFideId "39922081"]
[BlackFideId "148061879"]
[EventDate "2025.05.20"]

1. e4 c5 2. Nf3 d6 3. d4 cxd4 4. Nxd4 Nf6 5. Nc3 a6 6. Be2 e6 7. O-O Qc7 8. a4
b6 9. f4 Bb7 10. Bf3 Nbd7 11. Re1 Be7 12. Be3 Rc8 13. Bf2 Qb8 14. h3 O-O 15. Qd2
Rfe8 16. Rad1 Bf8 17. Kh1 e5 18. Nf5 exf4 19. Nxd6 Bxd6 20. Qxd6 Ne5 21. Qxb8
Rxb8 22. Bxb6 Bxe4 23. Nxe4 Nxe4 24. Rxe4 Rxb6 25. Rxe5 Rf8 26. b3 f6 27. Bd5+
Kh8 28. Ree1 g5 29. Rb1 Rd6 30. c4 a5 31. Rbd1 Kg7 32. c5 Rd7 33. c6 Rc7 34. Bf3
Rff7 35. Rd6 f5 36. Red1 1-0

[Event "Titled Tue 20th May Late"]
[Site "chess.com INT"]
[Date "2025.05.20"]
[Round "6"]
[White "Dubnevych, Maksym"]
[Black "Donchenko, Alexander"]
[Result "0-1"]
[WhiteTitle "FM"]
[BlackTitle "GM"]
[WhiteElo "2292"]
[BlackElo "2615"]
[WhiteFideId "14184001"]
[BlackFideId "24603295"]
[EventDate "2025.05.20"]

1. Nc3 c5 2. Nf3 Nc6 3. d4 cxd4 4. Nxd4 g6 5. h4 Bg7 6. Nb3 Nf6 7. e4 d6 8. Be2
h5 9. Bg5 Be6 10. Qd2 Rc8 11. Qe3 a6 12. O-O-O Ne5 13. f4 Neg4 14. Qa7 Rxc3 15.
Bxf6 Nxf6 16. bxc3 Nxe4 17. Qxb7 Nxc3 18. Qc6+ Bd7 19. Qxa6 O-O 20. Rd2 Ne4 21.
Rd5 Qc7 22. Bf3 Nc3 23. Ra5 Rc8 24. Qd3 Be6 25. Re1 Bxb3 26. axb3 Qxa5 0-1

[Event "Titled Tue 20th May Late"]
[Site "chess.com INT"]
[Date "2025.05.20"]
[Round "6"]
[White "Coe, William"]
[Black "Wuebker, Paul-Luca"]
[Result "1-0"]
[BlackTitle "CM"]
[WhiteElo "2078"]
[BlackElo "2244"]
[WhiteFideId "30913624"]
[BlackFideId "12939528"]
[EventDate "2025.05.20"]

1. e4 Nc6 2. Nf3 d6 3. h3 g6 4. d4 Bg7 5. Be3 Nf6 6. Nc3 O-O 7. Qd2 Re8 8. Be2
e5 9. d5 Nd4 10. O-O Nxe2+ 11. Qxe2 a6 12. a4 a5 13. Rad1 h6 14. Qd2 Kh7 15.
Rfe1 b6 16. Nh2 Qd7 17. f4 Ba6 18. Nf3 exf4 19. Bxf4 Nh5 20. Bh2 f5 21. e5 dxe5
22. Bxe5 Nf6 23. d6 c5 24. Nd5 Nxd5 25. Bxg7 Kxg7 26. Qxd5 Bb7 27. Ne5 Bxd5 28.
Nxd7 Rxe1+ 29. Rxe1 Rd8 30. Re7+ Kh8 31. Nf6 Bg8 32. d7 Rf8 33. Re8 Rxf6 34.
d8=Q 1-0

[Event "Titled Tue 20th May Late"]
[Site "chess.com INT"]
[Date "2025.05.20"]
[Round "6"]
[White "Velikanov, Alexander"]
[Black "Piddubna, Bozhena"]
[Result "1-0"]
[WhiteTitle "IM"]
[BlackTitle "WFM"]
[WhiteElo "2372"]
[BlackElo "2174"]
[WhiteFideId "2039290"]
[BlackFideId "34109293"]
[EventDate "2025.05.20"]

1. e4 e5 2. Nf3 Nc6 3. Nc3 Nf6 4. a4 Bb4 5. Bd3 d6 6. O-O O-O 7. Nd5 a5 8. c3
Bc5 9. Bc2 Bg4 10. d4 exd4 11. Bg5 dxc3 12. Qd3 Nb4 13. Qxc3 Nbxd5 14. exd5 h6
15. Bh4 Bxf3 16. Qxf3 g5 17. Bg3 Kg7 18. Qd3 Qd7 19. Kh1 Rae8 20. f4 Ne4 21.
fxg5 hxg5 22. Qf3 f5 23. Bxe4 Rxe4 24. Be1 Rf4 25. Bc3+ Kg6 26. Qg3 Rxf1+ 27.
Rxf1 Qh7 28. Bd2 Qh4 29. Qf3 Qg4 30. Qxg4 1-0

[Event "Titled Tue 20th May Late"]
[Site "chess.com INT"]
[Date "2025.05.20"]
[Round "6"]
[White "Hiermann, Dietmar"]
[Black "Burmakin, Vladimir"]
[Result "0-1"]
[WhiteTitle "FM"]
[BlackTitle "GM"]
[WhiteElo "2216"]
[BlackElo "2435"]
[WhiteFideId "1602918"]
[BlackFideId "4105109"]
[EventDate "2025.05.20"]

1. e4 c6 2. d4 d5 3. e5 Bf5 4. Nf3 e6 5. Be2 Ne7 6. O-O h6 7. c3 Bh7 8. b4 Ng6
9. Nbd2 Be7 10. Nb3 O-O 11. a4 b6 12. a5 Nd7 13. Be3 c5 14. Qd2 Qc7 15. Ra4 Rfc8
16. Rfa1 cxd4 17. cxd4 Qc3 18. Qxc3 Rxc3 19. Nc1 Rd8 20. Kf1 Ngf8 21. Ke1 Bc2
22. Kd2 Rdc8 23. R4a2 Bxb4 24. Rb2 Rb3# 0-1

[Event "Titled Tue 20th May Late"]
[Site "chess.com INT"]
[Date "2025.05.20"]
[Round "6"]
[White "Sklokin, Sergey"]
[Black "Materia, Marco"]
[Result "1-0"]
[WhiteTitle "FM"]
[BlackTitle "IM"]
[WhiteElo "2311"]
[BlackElo "2489"]
[WhiteFideId "55730230"]
[BlackFideId "45150451"]
[EventDate "2025.05.20"]

1. d4 Nf6 2. c4 e6 3. Nf3 d5 4. g3 Nbd7 5. Bg2 Bb4+ 6. Nbd2 dxc4 7. O-O Nb6 8.
Nxc4 O-O 9. Qc2 Nxc4 10. Qxc4 Be7 11. Rd1 c6 12. b3 a5 13. a4 Qb6 14. Bb2 Rd8
15. Rac1 Bd7 16. Ne5 Be8 17. e3 Rac8 18. Qc3 Bb4 19. Qc2 c5 20. Nc4 Qc7 21. dxc5
Rxd1+ 22. Rxd1 Bxc5 23. Be5 Qe7 24. Nxa5 Ng4 25. Bd4 b5 26. b4 bxa4 27. Bxc5 Qf6
28. h3 Ne5 29. Qe4 a3 30. Bd4 a2 31. Qxe5 Ba4 32. Ra1 Qxe5 33. Bxe5 Rc2 34. Be4
Rd2 35. Bc3 Rd1+ 36. Rxd1 Bxd1 37. b5 Be2 38. b6 Ba6 39. b7 Bxb7 40. Bxb7 a1=Q+
41. Bxa1 1-0

[Event "Titled Tue 20th May Late"]
[Site "chess.com INT"]
[Date "2025.05.20"]
[Round "6"]
[White "Meylan, Andre"]
[Black "Dauer, Andre Leonardo"]
[Result "0-1"]
[WhiteTitle "CM"]
[BlackTitle "CM"]
[WhiteElo "2138"]
[BlackElo "2138"]
[WhiteFideId "1301225"]
[BlackFideId "2126915"]
[EventDate "2025.05.20"]

1. e4 e6 2. d4 d5 3. Nd2 c5 4. exd5 exd5 5. Ngf3 Nf6 6. Bb5+ Bd7 7. Bxd7+ Nbxd7
8. O-O Be7 9. dxc5 Nxc5 10. Nb3 Nxb3 11. axb3 O-O 12. Bg5 a6 13. c3 h6 14. Bh4
Re8 15. Qd3 Ne4 16. Rad1 Bxh4 17. Nxh4 Qxh4 18. Qxd5 Rad8 19. Qf5 g6 20. Rxd8
gxf5 21. Rxe8+ Kg7 22. f3 Ng5 23. g3 Qh5 24. f4 Ne4 25. Re5 Kg6 26. Rd5 Qe2 27.
Rdd1 Qe3+ 28. Kg2 h5 29. b4 h4 30. gxh4 Kh5 31. Rde1 Qd2+ 32. Kh1 Kxh4 33. c4
Nf2+ 34. Kg1 Ng4 35. h3 Qh2# 0-1

[Event "Titled Tue 20th May Late"]
[Site "chess.com INT"]
[Date "2025.05.20"]
[Round "6"]
[White "Midonet, Matthieu"]
[Black "Morais, Renan de Souza Stockler"]
[Result "1-0"]
[WhiteTitle "CM"]
[BlackTitle "CM"]
[WhiteElo "2224"]
[BlackElo "1703"]
[WhiteFideId "26080575"]
[BlackFideId "2187701"]
[EventDate "2025.05.20"]

1. e4 e6 2. d4 d5 3. e5 c5 4. Qg4 Nc6 5. Nf3 Qb6 6. dxc5 Qxc5 7. Bd3 g6 8. O-O
Bg7 9. Re1 Nge7 10. Nc3 O-O 11. Be3 Qb4 12. Bf4 Qxb2 13. Nb5 Qb4 14. Reb1 Qa5
15. Bd2 Qd8 16. Re1 a6 17. Nbd4 Nxd4 18. Nxd4 Nc6 19. Nf3 b5 20. Bg5 Qc7 21. Bf6
Bb7 22. Qh4 Rfc8 23. Ng5 h6 24. Nf3 Bxf6 25. exf6 Kh7 26. Ng5+ Kg8 27. Qxh6 1-0

[Event "Titled Tue 20th May Late"]
[Site "chess.com INT"]
[Date "2025.05.20"]
[Round "6"]
[White "Danzer, George"]
[Black "Ermolaev, Evgeny"]
[Result "0-1"]
[WhiteTitle "CM"]
[BlackTitle "FM"]
[WhiteElo "2172"]
[BlackElo "2282"]
[WhiteFideId "4659465"]
[BlackFideId "24103195"]
[EventDate "2025.05.20"]

1. e4 c5 2. Nf3 a6 3. c4 Nc6 4. d4 cxd4 5. Nxd4 Nf6 6. Nc3 e5 7. Nxc6 dxc6 8.
Qxd8+ Kxd8 9. a3 Bc5 10. Bg5 Kc7 11. Be2 Bd4 12. Bxf6 Bxc3+ 13. bxc3 gxf6 14. g4
h5 15. f3 Be6 16. Kf2 Rag8 17. h3 h4 18. c5 a5 19. Rab1 Rd8 20. Rb2 Bc8 21. Rd1
Rxd1 22. Bxd1 Rd8 23. Be2 Be6 24. Ke3 a4 25. Rd2 Ra8 26. f4 Ra5 27. f5 Bb3 28.
Bd1 Rxc5 0-1

[Event "Titled Tue 20th May Late"]
[Site "chess.com INT"]
[Date "2025.05.20"]
[Round "6"]
[White "Bluebaum, Matthias"]
[Black "Klukin, Kirill"]
[Result "1/2-1/2"]
[WhiteTitle "GM"]
[BlackTitle "IM"]
[WhiteElo "2660"]
[BlackElo "2407"]
[WhiteFideId "24651516"]
[BlackFideId "24199273"]
[EventDate "2025.05.20"]

1. d4 e6 2. c4 f5 3. Nc3 Nf6 4. Nf3 Bb4 5. Bd2 b6 6. e3 Bb7 7. Bd3 O-O 8. O-O
Bxc3 9. Bxc3 Ne4 10. Be1 d6 11. Kh1 Nd7 12. Ng1 Qe7 13. f3 Nef6 14. Qe2 g6 15.
a4 a5 16. b4 axb4 17. Bxb4 e5 18. a5 e4 19. fxe4 Nxe4 20. Nf3 bxa5 21. Bxa5 Ndf6
22. Rfb1 Bc6 23. d5 Bd7 24. Be1 Ng4 25. Kg1 Nc5 26. Bd2 Rfe8 27. Rxa8 Rxa8 28.
h3 Ne5 29. Nxe5 Qxe5 30. Bb4 Nxd3 31. Qxd3 Ra2 32. Bc3 Qg3 33. Bb2 f4 34. Qc3
Qxe3+ 35. Qxe3 fxe3 36. Bd4 e2 37. Kf2 Rc2 38. Rb8+ Kf7 39. Rh8 Rxc4 40. Rxh7+
Ke8 41. Rh8+ Kf7 42. Rh7+ Ke8 43. Rh8+ Kf7 44. Rh7+ 1/2-1/2

[Event "Titled Tue 20th May Late"]
[Site "chess.com INT"]
[Date "2025.05.20"]
[Round "6"]
[White "Peatman, Carter"]
[Black "Gimeno Martos, Roberto"]
[Result "0-1"]
[BlackTitle "CM"]
[WhiteElo "2082"]
[BlackElo "2090"]
[WhiteFideId "2096480"]
[BlackFideId "2226804"]
[EventDate "2025.05.20"]

1. d4 Nf6 2. Bf4 d6 3. e3 g6 4. Nf3 Bg7 5. h3 O-O 6. Bh2 Nbd7 7. Be2 c5 8. dxc5
Nxc5 9. c3 b6 10. Nbd2 Bb7 11. O-O Rc8 12. a4 Nfe4 13. Nxe4 Nxe4 14. a5 bxa5 15.
Qa4 Qb6 16. Qxa5 Qxb2 17. Rab1 Qxe2 18. Rxb7 Bxc3 19. Qxa7 Bf6 20. Qa4 Nc5 21.
Qb5 Qa2 22. Rb6 Ne4 23. Bf4 Rc2 24. Bh6 Rxf2 25. Bxf8 Rxg2+ 26. Kh1 Ng3# 0-1